Ricostruisci la Carriera del Calciatore - Isco - Statistics

Statistiche generali
  • Questo quiz è stato fatto 19 volte
  • Il punteggio medio è 4 su 5
Statistiche sulle risposte
Hint Risposta % Corretto
2023- Betis
82%
2013-2022 Real Madrid
82%
2022 Siviglia
73%
2011-2013 Malaga
64%
2010-2011 Valencia
64%
Nessun quiz corrispondente trovato
Distribuzione punteggi
Percentuale di utenti per punteggio
Percentile per numero di risposta
I tuoi punteggi nel tempo
Non hai fatto questo quiz